ბათუმის შოთა რუსთაველის სახელმწიფო უნივერსიტეტის ბიბლიოთეკა

Aspekte neu :Mittelstufe Deutsch (ბიბ.ჩანაწერი № 59308)

000 -LEADER
fixed length control field 00818nam a22002297a 4500
005 - DATE AND TIME OF LATEST TRANSACTION
control field 20230116163206.0
008 - FIXED-LENGTH DATA ELEMENTS--GENERAL INFORMATION
fixed length control field 230116s2017ge xxu||||| |||| 00| 0 ger d
020 ## - INTERNATIONAL STANDARD BOOK NUMBER
International Standard Book Number 978312605037 X
041 ## - LANGUAGE CODE
Language code of text/sound track or separate title ger
080 ## - UNIVERSAL DECIMAL CLASSIFICATION NUMBER
Universal Decimal Classification number 811.112.1 A-87
245 ## - TITLE STATEMENT
Title Aspekte neu :Mittelstufe Deutsch
Remainder of title Lehr- und Arbeitsbuch 3, Teil 1 C1 /
Statement of responsibility, etc. Ute Koithan, Helen Schmitz, Tanja Sieber, Ralf Sonntag
264 ## - PRODUCTION, PUBLICATION, DISTRIBUTION, MANUFACTURE, AND COPYRIGHT NOTICE
Place of production, publication, distribution, manufacture Stuttgart :
Name of producer, publisher, distributor, manufacturer Ernst Klett Sprachen,
Date of production, publication, distribution, manufacture, or copyright notice 2017.
300 ## - PHYSICAL DESCRIPTION
Extent 200 p.:
Other physical details Illustrat; + 1 CD
Dimensions 28 cm.
653 ## - INDEX TERM--UNCONTROLLED
keyword Aspekte neu : Mittelstufe Deutsch. 3
653 ## - INDEX TERM--UNCONTROLLED
keyword გერმანული ენა
653 ## - INDEX TERM--UNCONTROLLED
keyword ახალი ასპექტები
700 ## - ADDED ENTRY--PERSONAL NAME
Personal name Koithan, Ute
9 (RLIN) 16688
700 ## - ADDED ENTRY--PERSONAL NAME
Personal name Schmitz, Helen
9 (RLIN) 16689
700 ## - ADDED ENTRY--PERSONAL NAME
Personal name Sieber, Tanja
9 (RLIN) 16690
700 ## - ADDED ENTRY--PERSONAL NAME
Personal name Sonntag, Ralf
9 (RLIN) 10081
942 ## - ADDED ENTRY ELEMENTS (KOHA)
Source of classification or shelving scheme
Koha item type წიგნი
ეგზემპლარები
Withdrawn status Lost status Source of classification or shelving scheme Damaged status Not for loan Permanent Location Current Location Shelving location Date acquired Cost, normal purchase price Full call number Barcode Date last seen Copy number Price effective from Koha item type Public note
          ბათუმის შოთა რუსთაველის სახელმწიფო უნივერსიტეტის მთავარი ბიბლიოთეკა ბათუმის შოთა რუსთაველის სახელმწიფო უნივერსიტეტის მთავარი ბიბლიოთეკა წიგნსაცავი 2023-01-16 9.00 811.112.1 A-87 63447 2023-01-16 63447 2023-01-16 წიგნი 9ლ.50თ.